000 00285nam a22001217a 4500
003 SGT
082 _a200
_bE92BCL
100 _aBUTLER, DAVID
245 _aELECTIONEERING: A COMPARATIVE STUDY OF CONTINUITY
260 _bCLARENDON PRESS OXFORD
_c1992
300 _a294
942 _2ddc
_cBK
999 _c32079
_d32079